|
|
|
|
| LEADER |
00889nab a2200253 i 4500 |
| 001 |
publ11873 |
| 005 |
20191121162315.0 |
| 008 |
170830s2017 hu o 0|| zxx d |
| 022 |
|
|
|a 0303-402X
|
| 024 |
7 |
|
|a 10.1007/s00396-017-4122-9
|2 doi
|
| 024 |
7 |
|
|a 3212471
|2 mtmt
|
| 040 |
|
|
|a SZTE Publicatio Repozitórium
|b hun
|
| 041 |
|
|
|a zxx
|
| 100 |
1 |
|
|a Sipiczki Mónika
|
| 245 |
1 |
0 |
|a Design of nucleic acid-layered double hydroxide nanohybrids
|h [elektronikus dokumentum] /
|c Sipiczki Mónika
|
| 260 |
|
|
|a Springer-Verlag Wien
|c 2017
|
| 300 |
|
|
|a 1463-1473
|
| 490 |
0 |
|
|a COLLOID AND POLYMER SCIENCE
|v 295 No. 9
|
| 700 |
0 |
1 |
|a Szilágyi István
|e aut
|
| 700 |
0 |
1 |
|a Pálinkó István
|e aut
|
| 700 |
0 |
1 |
|a Pavlovic Marko
|e aut
|
| 700 |
0 |
1 |
|a Sipos Pál Miklós
|e aut
|
| 700 |
0 |
1 |
|a Nardin Corinne
|e aut
|
| 856 |
4 |
0 |
|u http://publicatio.bibl.u-szeged.hu/11873/1/colloidpolymsci29520171463_u.pdf
|z Dokumentum-elérés
|